000 00698nam a2200229 i 4500
001 100422
003 ES-MaACL
005 20250829065818.0
007 t|
008 050928s1960 sp ||||1| spa d
100 1 _aMasachs Alavedra, Valentín.
_978658
245 1 0 _aHidrología de España /
_cValentín Masachs Alavedra; J. García Tolsá.
250 _a[1ª ed.].
260 _aBarcelona :
_bTeide,
_c1960.
300 _a278 p. ;
_c19 cm.
490 1 _aDurán y Bas ;
_v9
650 0 4 _aHidrología-
_zEspaña.
_913340
700 1 _aGarcía Tolsá, Jesús
_955332
830 0 _aDurán y Bas ;
_v9
_9232433
852 _aES-MaACL
_jF-224
_bR.47811
999 _c100422
_d100422